Light

Bibliographic Details
Main Author: Burnie, David
Format: Book
Published: London : Dorling Kindersley , 1992
Series:Eyewitness science
Subjects:

MARC

LEADER 00000cam a2200000 7i4500
001 0000004438
002 000004771
005 20000330.0
020 |a 0863189059 
090 0 0 |a 500   |b EYE 
100 1 |a Burnie, David 
245 0 0 |a Light   |c David Burnie 
260 |a London :   |b Dorling Kindersley ,   |c 1992 
300 |a 64p. ;   |c 28cm. 
490 0 |a Eyewitness science 
650 0 0 |a Light   |x Juvenile literature 
999 |a 030661   |b BUKU   |c JUNIOR BOOKS   |e PERPUSTAKAAN KOMUNITI PETALING JAYA 
999 |a 03066   |b BUKU   |c JUNIOR REFERENCE   |e PERPUSTAKAAN KOMUNITI PETALING JAYA